practicing community development principles in our barangays / (Record no. 354793)
[ view plain ]
| 000 -LEADER | |
|---|---|
| fixed length control field | 00332nam a2200109Ia 4500 |
| 008 - FIXED-LENGTH DATA ELEMENTS--GENERAL INFORMATION | |
| fixed length control field | 180205s9999 xx 000 0 und d |
| 020 ## - INTERNATIONAL STANDARD BOOK NUMBER | |
| International Standard Book Number | 9718380248 |
| 100 ## - MAIN ENTRY--PERSONAL NAME | |
| Personal name | De Leon, Alwin B. |
| 245 ## - TITLE STATEMENT | |
| Title | practicing community development principles in our barangays / |
| 260 ## - PUBLICATION, DISTRIBUTION, ETC. (IMPRINT) | |
| Place of publication, distribution, etc | Quezon City |
| Name of publisher, distributor, etc | Megabooks company |
| Date of publication, distribution, etc | 2005 |
| 300 ## - PHYSICAL DESCRIPTION | |
| Extent | v, 100 pages |
| Withdrawn status | Lost status | Damaged status | Home library | Current library | Shelving location | Date acquired | Source of acquisition | Total Checkouts | Full call number | Barcode | Date last seen | Price effective from | Koha item type |
|---|---|---|---|---|---|---|---|---|---|---|---|---|---|
| College Library | College Library | Filipiniana Section | 02/05/2018 | Library Fund | HM 101 .D278 2005 | C6225 | 05/08/2018 | 02/05/2018 | Books |